| 000 | 00606nam a2200157Ia 4500 | ||
|---|---|---|---|
| 008 | 220216s9999 xx 000 0 und d | ||
| 100 | _aMathew J. | ||
| 245 | 0 | _aMitigating the emission of green house gases during ribbed smoked sheet processing | |
| 260 |
_bInternational Workshop on Climate Change and Rubber Cultivation: R & D Priorities, 28-30 July 2010, Rubber Research Institute of India, Kottayam, Kerala, pp. 109-111. _c2010 |
||
| 650 | _aBiogas utiization | ||
| 650 | _aBiomethanation | ||
| 650 | _aEfluent treatment system | ||
| 650 | _aSheet processing | ||
| 700 | _aHarish M. | ||
| 942 | _cJS | ||
| 999 |
_c63001 _d63001 |
||